Statistics for Largest Cities in the Maghreb

Click here to take the quiz!

General Stats

  • This quiz has been taken 132 times
  • The average score is 9 of 14

Answer Stats

PopulationCity% Correct
4,370,000Casablanca
98%
2,260,000Tunis
97%
3,730,000Algiers
96%
2,065,000Rabat
93%
1,170,000Fes
78%
1,310,000Marrakech
77%
1,125,000Tripoli
76%
1,030,000Oran
70%
1,105,000Tangier
67%
750,000Benghazi
52%
745,000Sfax
48%
915,000Nouakchott
39%
705,000Meknes
25%
715,000Misrata
11%

Score Distribution

Percentile by Number Answered

Percent of People with Each Score

Your Score History

You have not taken this quiz